[Event "Pescia op-A 4th"]
[Site "Pescia"]
[Date "2011.09.16"]
[Round "1"]
[White "Salerni, Guido"]
[Black "Casarosa, Michele"]
[Result "1/2-1/2"]
[WhiteElo "1786"]
[BlackElo "1949"]
[PlyCount "87"]
[EventDate "2011.09.16"]
[EventType "swiss"]
[EventRounds "5"]
[EventCountry "ITA"]
[SourceTitle "EXT 2015"]
[Source "ChessBase"]
[SourceDate "2014.11.20"]
[SourceVersion "1"]
[SourceVersionDate "2014.11.20"]
[SourceQuality "1"]

1. e4 c5 2. Nf3 Nc6 3. d3 g6 4. g3 Bg7 5. Bg2 d6 6. c3 Nf6 7. 0-0 0-0 8. Re1 e5 9. Nbd2 Re8 10. a4 b6 11. Nc4 Bb7 12. h3 d5 13. exd5 Nxd5 14. Ne3 Nxe3 15. Bxe3 Qd7 16. Qd2 Rad8 17. Red1 Na5 18. Qc2 Qf5 19. Nh4 Qe6 20. Bxb7 Nxb7 21. Nf3 Qxh3 22. Ng5 Qd7 23. Ne4 Qe7 24. Kg2 Nd6 25. Rh1 Nxe4 26. dxe4 h5 27. Rh2 Qd7 28. a5 Qd3 29. Qxd3 Rxd3 30. axb6 axb6 31. Ra6 Rb8 32. Rh1 Bf6 33. Kf3 Kf8 34. Rb1 Bd8 35. Ke2 Rd7 36. Rba1 Ke7 37. R1a2 Rdb7 38. Ra1 Bc7 39. Rd1 Bd6 40. Rd5 Ke6 41. Bxc5 bxc5 42. Raxd6+ Ke7 43. Ke3 Rc7 44. Ra6 1/2-1/2

[Event "Livorno op 7th"]
[Site "Livorno"]
[Date "2011.07.01"]
[Round "1"]
[White "Casarosa, Michele"]
[Black "Efimov, Igor"]
[Result "0-1"]
[WhiteElo "1976"]
[BlackElo "2428"]
[PlyCount "52"]
[EventDate "2011.07.01"]
[EventType "swiss"]
[EventRounds "5"]
[EventCountry "ITA"]
[SourceTitle "EXT 2014"]
[Source "ChessBase"]
[SourceDate "2013.11.20"]
[SourceVersion "1"]
[SourceVersionDate "2013.11.20"]
[SourceQuality "1"]

1. e4 c5 2. Nf3 e6 3. d4 cxd4 4. Nxd4 Nf6 5. Nc3 Nc6 6. Ndb5 d6 7. Bf4 e5 8. Bg5 a6 9. Na3 b5 10. Nd5 Be7 11. Bxf6 Bxf6 12. c3 Bg5 13. Nc2 Rb8 14. Be2 0-0 15. 0-0 a5 16. a3 g6 17. b4 Be6 18. a4 bxa4 19. b5 Bxd5 20. Qxd5 Ne7 21. Qa2 d5 22. exd5 Qxd5 23. Ne3 Bxe3 24. fxe3 Qxa2 25. Rxa2 Nd5 26. Bc4 Nxe3 0-1

[Event "Florence op 14th"]
[Site "Florence"]
[Date "2006.12.09"]
[Round "4"]
[White "Bini, Lorenzo"]
[Black "Casarosa, Michele"]
[Result "1-0"]
[WhiteElo "2028"]
[BlackElo "1981"]
[PlyCount "109"]
[EventDate "2006.12.02"]
[EventType "swiss"]
[EventRounds "6"]
[EventCountry "ITA"]
[SourceTitle "EXT 2024"]
[Source "ChessBase"]
[SourceDate "2023.10.10"]
[SourceVersion "1"]
[SourceVersionDate "2023.10.10"]
[SourceQuality "1"]

1. f4 d5 2. g3 g6 3. Bg2 Bg7 4. c3 Nf6 5. d3 c6 6. Nd2 Ng4 7. Nf1 h5 8. h3 Nh6 9. Nf3 Nd7 10. d4 Nf5 11. Be3 Nxe3 12. Nxe3 Nf6 13. Ng5 Ng8 14. Qc2 Nh6 15. 0-0-0 Nf5 16. Nxf5 Bxf5 17. e4 dxe4 18. Bxe4 Bxe4 19. Qxe4 Qd5 20. Rde1 Qxe4 21. Rxe4 Bf6 22. Nf3 0-0-0 23. Rhe1 e6 24. Kc2 Rd5 25. Ne5 Bxe5 26. fxe5 Rd7 27. Rf1 Kd8 28. Ref4 Ke8 29. Rf6 Rf8 30. R1f4 Re7 31. Kd2 Kd7 32. Rxg6 fxg6 33. Rxf8 Rg7 34. Ke3 a6 35. h4 g5 36. hxg5 Rxg5 37. Kf4 Rg7 38. Kf3 Rg5 39. Rf7+ Kc8 40. Re7 Rg6 41. Rh7 Rg5 42. Kg2 a5 43. a4 Rf5 44. Re7 c5 45. Rxe6 cxd4 46. cxd4 Kd7 47. Rd6+ Kc7 48. Rf6 Rg5 49. Kh3 Kd7 50. Rb6 Kc7 51. Rd6 Rg7 52. b3 Rg8 53. Rf6 Rg4 54. Rf4 Rg5 55. Rh4 1-0

[Event "Lucca op 13th"]
[Site "Lucca"]
[Date "2001.10.??"]
[Round "4"]
[White "Ambrosi, Arcangelo"]
[Black "Casarosa, Michele"]
[Result "1/2-1/2"]
[WhiteElo "1887"]
[BlackElo "1822"]
[PlyCount "51"]
[EventDate "2001.10.??"]
[EventType "swiss"]
[EventRounds "6"]
[EventCountry "ITA"]
[SourceTitle "EXT 2024"]
[Source "ChessBase"]
[SourceDate "2023.10.10"]
[SourceVersion "1"]
[SourceVersionDate "2023.10.10"]
[SourceQuality "1"]

1. b4 Nf6 2. Bb2 d5 3. e3 c6 4. c4 Nbd7 5. cxd5 cxd5 6. Nf3 e6 7. a3 Bd6 8. Be2 0-0 9. 0-0 b6 10. d4 Bb7 11. Nbd2 Qe7 12. Ne5 Rac8 13. Qa4 Bb8 14. Rac1 Bxe5 15. dxe5 Ne4 16. Nf3 g5 17. h3 h5 18. Nh2 f6 19. Bxh5 fxe5 20. Nf3 Nef6 21. Bg4 Nxg4 22. hxg4 e4 23. Ne5 Rxc1 24. Rxc1 Qf6 25. Qxd7 Qxf2+ 26. Kh1 1/2-1/2

[Event "Lucca op 13th"]
[Site "Lucca"]
[Date "2001.10.??"]
[Round "5"]
[White "Casarosa, Michele"]
[Black "Del Giudice, Stefano"]
[Result "0-1"]
[WhiteElo "1822"]
[BlackElo "2086"]
[PlyCount "68"]
[EventDate "2001.10.??"]
[EventType "swiss"]
[EventRounds "6"]
[EventCountry "ITA"]
[SourceTitle "EXT 2024"]
[Source "ChessBase"]
[SourceDate "2023.10.10"]
[SourceVersion "1"]
[SourceVersionDate "2023.10.10"]
[SourceQuality "1"]

1. e4 c5 2. Nf3 d6 3. d4 cxd4 4. Nxd4 Nf6 5. Nc3 g6 6. Be3 Bg7 7. Be2 0-0 8. 0-0 Nc6 9. Nb3 a5 10. a4 Bd7 11. f4 Qc8 12. Kh1 Nb4 13. Bf3 Be6 14. Nd4 Bc4 15. Rf2 Qd8 16. Rd2 Nc6 17. e5 Ne8 18. Nxc6 bxc6 19. Bxc6 Rc8 20. Bxe8 Rxe8 21. exd6 exd6 22. Bd4 Re6 23. Qf3 Bxd4 24. Rxd4 Qb6 25. Rad1 Qxb2 26. Ne4 Qxc2 27. f5 Be2 28. fxe6 Bxf3 29. gxf3 fxe6 30. Rxd6 Qe2 31. Ng5 Rc2 32. Rd8+ Kg7 33. R8d7+ Kf6 34. Ne4+ Ke5 0-1

[Event "Lucca op 12th"]
[Site "Lucca"]
[Date "2000.10.15"]
[Round "5"]
[White "Casarosa, Michele"]
[Black "Bini, Lorenzo"]
[Result "0-1"]
[WhiteElo "1786"]
[BlackElo "1893"]
[PlyCount "91"]
[EventDate "2000.10.07"]
[EventType "swiss"]
[EventRounds "6"]
[EventCountry "ITA"]
[SourceTitle "EXT 2002"]
[Source "ChessBase"]
[SourceDate "2001.11.25"]
[SourceVersion "1"]
[SourceVersionDate "2001.11.25"]
[SourceQuality "1"]

1. e4 d6 2. d4 g6 3. Nc3 Bg7 4. Nf3 c6 5. Be2 Nd7 6. 0-0 h6 7. Be3 g5 8. Ne1 e5 9. Qd2 Ne7 10. Rd1 Ng6 11. dxe5 dxe5 12. Bg4 Qe7 13. Nd3 0-0 14. a3 Re8 15. g3 Nf6 16. Bxc8 Rexc8 17. f3 Kh7 18. h3 Nh5 19. Qf2 b6 20. Nb4 Qe6 21. Kh2 Bf8 22. Rd2 Nhf4 23. gxf4 gxf4 24. Nd3 fxe3 25. Qxe3 Be7 26. Ne2 Bg5 27. f4 exf4 28. Ndxf4 Qe7 29. Kh1 Rd8 30. Rxd8 Rxd8 31. Qf3 Nh4 32. Qe3 Ng6 33. Nxg6 fxg6 34. Qf3 Rd7 35. Nc3 Qe6 36. Rf2 Bd8 37. Kg2 Bc7 38. Kf1 Be5 39. Kg2 Bxc3 40. bxc3 Re7 41. Re2 Kg7 42. Qe3 c5 43. e5 Qd5+ 44. Kg3 Qc4 45. Qd3 Qe6 46. Qe4 0-1

[Event "Lucca op 12th"]
[Site "Lucca"]
[Date "2000.10.14"]
[Round "4"]
[White "Nelli, Luca"]
[Black "Casarosa, Michele"]
[Result "1-0"]
[WhiteElo "1927"]
[BlackElo "1786"]
[PlyCount "77"]
[EventDate "2000.10.07"]
[EventType "swiss"]
[EventRounds "6"]
[EventCountry "ITA"]
[SourceTitle "EXT 2002"]
[Source "ChessBase"]
[SourceDate "2001.11.25"]
[SourceVersion "1"]
[SourceVersionDate "2001.11.25"]
[SourceQuality "1"]

1. c4 g6 2. Nc3 Bg7 3. g3 d6 4. Bg2 Nc6 5. e3 e5 6. Nge2 Nge7 7. d4 0-0 8. 0-0 exd4 9. Nxd4 Nxd4 10. exd4 Nf5 11. Be3 Nxe3 12. fxe3 Qg5 13. Qf3 c6 14. Ne4 Qe7 15. Qf4 c5 16. Rad1 cxd4 17. exd4 Bf5 18. Nxd6 Rad8 19. Nxf5 gxf5 20. Bd5 Rde8 21. Qxf5 Qe3+ 22. Qf2 Qxf2+ 23. Kxf2 Re7 24. Rfe1 Rfe8 25. Rxe7 Rxe7 26. b3 Kf8 27. Bf3 b6 28. b4 Bh6 29. Rd3 Bc1 30. c5 bxc5 31. bxc5 Rc7 32. Rb3 Ke8 33. Rb7 Rxb7 34. Bxb7 Kd7 35. Ke2 h6 36. Kd3 Bg5 37. d5 Bd8 38. Ke4 Ba5 39. d6 1-0

[Event "Viareggio Carnevale op 5th"]
[Site "Viareggio"]
[Date "2000.02.25"]
[Round "2"]
[White "Casarosa, Michele"]
[Black "Colovic, Aleksandar"]
[Result "0-1"]
[WhiteElo "1822"]
[BlackElo "2414"]
[PlyCount "68"]
[EventDate "2000.02.25"]
[EventType "swiss"]
[EventRounds "5"]
[EventCountry "ITA"]
[SourceTitle "EXT 2024"]
[Source "ChessBase"]
[SourceDate "2023.10.10"]
[SourceVersion "1"]
[SourceVersionDate "2023.10.10"]
[SourceQuality "1"]

1. e4 c5 2. Nf3 d6 3. d4 cxd4 4. Nxd4 Nf6 5. Nc3 a6 6. Be2 e5 7. Nb3 Be7 8. 0-0 0-0 9. a4 Be6 10. Be3 Nbd7 11. Qd2 Nb6 12. Bxb6 Qxb6 13. Nd5 Bxd5 14. exd5 a5 15. Bb5 Qc7 16. Rfd1 Ne4 17. Qe3 f5 18. c3 Nc5 19. Nxc5 dxc5 20. f4 e4 21. Be2 Bd6 22. g3 Rae8 23. c4 Rd8 24. Rac1 Be7 25. b3 Bf6 26. Kg2 b6 27. h4 g6 28. h5 Qg7 29. hxg6 hxg6 30. g4 Bd4 31. Qg3 g5 32. gxf5 gxf4 33. Qxg7+ Kxg7 34. Bg4 Kf6 0-1

[Event "Imperia op 32nd"]
[Site "Imperia"]
[Date "1990.09.04"]
[Round "4.32"]
[White "Colombo, Alberto E"]
[Black "Casarosa, Michele"]
[Result "1-0"]
[WhiteElo "2055"]
[BlackElo "1900"]
[PlyCount "23"]
[EventDate "1990.09.01"]
[EventType "swiss"]
[EventRounds "9"]
[EventCountry "ITA"]
[SourceTitle "EXT 2024"]
[Source "ChessBase"]
[SourceDate "2023.10.10"]
[SourceVersion "1"]
[SourceVersionDate "2023.10.10"]
[SourceQuality "1"]

1. Nf3 Nf6 2. d4 g6 3. Nc3 d5 4. Bf4 Bg7 5. e3 Bf5 6. Be2 Ne4 7. Nxe4 Bxe4 8. 0-0 Bxf3 9. Bxf3 0-0 10. c4 c6 11. cxd5 cxd5 12. Qb3 1-0